=LDR 00000nam 2200000 4500 =001 INLIS000000000037312 =005 20130612143040 =008 ***********************************Ind** =035 ##$$a0010-061300000037312 =041 ##$$a Ind =082 ##$$a 616.89 =090 ##$$a 616.89, Tho m =100 ##$$a Thong, Denny =245 ##$$a Memanusiakan manusia, Menata jiwa membangun bangsa/Denny Thong =260 ##$$a 2011 $b Jakarta =300 ##$$a xxi, 431 hlm., 23 cm =650 ##$$a Psikiatri =850 ##$$a NBPNMAT =990 ##$$a 21195714/BPAP-NTB/2014 =990 ##$$a 21195715/BPAP-NTB/2014 =990 ##$$a 21400292/BPAP-NTB/2014